banner koha

Revisão de Andropogon (Poaceae – Andropogoneae) para o Brasil (Registro n. 329054)

MARC details
000 -LÍDER
fixed length control field 02080nab a2200241 i 4500
003 - CÓDIGO MARC DA AGÊNCIA CATALOGADORA
Campo de controle BR-BrBNA
005 - DATA E HORA DA ÚLTIMA ATUALIZAÇÃO
Campo de controle 20241205152604.0
008 - CAMPO DE TAMANHO FIXO
fixed length control field 241205b2011 bl.qr|pooa||| 00| 0 por |
040 ## - FONTE DA CATALOGAÇÃO
Agência catalogadora BR-BrBNA
Idioma da catalogação por
072 ## - CATEGORIA AGRIS
Código AGRIS F70
100 ## - ENTRADA PRINCIPAL - NOME PESSOAL
Nome pessoal Zanin, Ana
100 ## - ENTRADA PRINCIPAL - NOME PESSOAL
Nome pessoal Longhi-Wagner, Hilda Maria
245 ## - TÍTULO PRINCIPAL
Título principal Revisão de Andropogon (Poaceae – Andropogoneae) para o Brasil
500 ## - NOTA GERAL
Nota geral Publicação on-line; 32 ref.; 3 illus.; Summaries (En, Pt)
942 ## - ADDED ENTRY ELEMENTS (KOHA)
Koha item type Analítica
520 ## - NOTA DE RESUMO
Nota de conteúdo <br/><br/>Resumo<br/><br/>É apresentada uma revisão taxonômica das espécies de Andropogon L. que ocorrem no Brasil com<br/>base em coletas, observação de populações no campo e análise de coleções de 72 herbários nacionais<br/>e internacionais. Foram confirmadas 28 espécies, incluindo A. gayanus Kunth, introduzida da África<br/>para cultivo, além de uma subespécie e uma variedade. O trabalho inclui chaves de identificação,<br/>descrições e ilustrações para todos os táxons, além de dados sobre distribuição geográfica, hábitat,<br/>período de floração, nomenclatura e comentários gerais.<br/><br/>Palavras-chave: Gramineae, taxonomia.
520 ## - NOTA DE RESUMO
Nota de conteúdo <br/><br/>Abstract<br/><br/>A taxonomic revision of the genus Andropogon L. in Brazil is presented. Based on field collections, observation<br/>of the populations and revision of 72 national and international herbaria, 28 species, including A. Gayanus<br/>Kunth introduced from Africa were confirmed, besides one subspecie and one variety. The work includes key<br/>for the identification of the confirmed taxa, descriptions and illustrations, as well as data about geographic<br/>distribution, habitat, flowering periods, typification, synonymy and general comments.<br/><br/>Key words: Gramineae, taxonomy.<br/>
650 ## - ASSUNTO - THESAGRO
Cabeçalho tópico ou nome geográfico GRAMINEAE
650 ## - ASSUNTO - THESAGRO
Cabeçalho tópico ou nome geográfico TAXONOMIA
773 0# - ENTRADA ANALÍTICA
Host Biblionumber 709
Registro do item 347049
Imprenta Rio de Janeiro-RJ Jardim Botanico do Rio de Janeiro 1935
Outro identificador 2024-7870
Título Rodriguésia (Brazil)
ISSN 0370-6583; 2175-7860 on-line
Colação v. 62(1) p. 171-202; (2011)
Número de controle de registro BR2024003788
856 ## - ACESSO E ENDEREÇO ELETRÔNICO
Identificador uniforme de recurso - URI https://www.scielo.br/j/rod/a/xFH4Xv6xnkFjnLfdYb8Qmcb/?format=pdf&lang=pt

Nenhum exemplar disponível.

BINAGRI

Telefone: (61)3218-2567/2388/3357/2097 - binagri@agro.gov.br

Ministério da Agricultura e Pecuária , Esplanada dos Ministérios, Bloco D, Anexo B, Brasília/DF, CEP: 70.043-900